| 000 | 00445nam a22001457a 4500 | ||
|---|---|---|---|
| 005 | 20180807124130.0 | ||
| 020 |
_a8173915156 _c00.00 |
||
| 035 | _aB-92493, B-092495 | ||
| 037 |
_aDPL _bENG |
||
| 100 | _aMehta, G.S. | ||
| 245 |
_aParticipation of women in the Panchayati Raj System / _cby G.S. Mehta |
||
| 260 |
_aNew Delhi _bKanishka Publishers, Distributors _c2002 |
||
| 300 |
_a205p. _c20 cms. |
||
| 942 |
_2ddc _cEN _h305.4 _mMEH |
||
| 999 |
_c65292 _d65292 |
||